000 01001nas a2200337 4500
001 BR0002752
003 BR-BrBNA
005 20231205101857.0
007 ta
008 230509b bl.|||p| |||| 00| 00por d
040 _aBR-BrBNA
_bpor
_cBiblioteca Nacional de Agricultura
041 _a(Pt)
072 _aL02
100 1 _aRodrigueiro, R.J.B.
100 1 _aAlbino, L.F.T.
100 1 _aRostagno, H.S.
100 1 _aGomes, P.C.
100 1 _aPozza, P.C.
100 1 _aNeme, R.
245 1 _aExigencia de metionina + cistina para frangos de corte na fase de crescimento e acabamento
650 _aFrango de Corte
650 _aExigencia Nutricional
650 _aRacao
650 _aCarcaca
650 _aAnalise Estatistica
650 _aGanho de Peso
650 _aComposicao Quimica
773 0 _tRevista Brasileira de Zootecnia (Brazil)
_xISSN 1516-3598
_g(Mar-Apr 2000), v. 29(2) p. 507-517
_wBR0002752
909 _a202311
_bLúcia
_c55
_dLúcia Elande
942 _2AGRIS
_n0
_cANA
999 _c164473
_d164473